Counterpath : (Record no. 119222)
[ view plain ]
| 000 -LEADER | |
|---|---|
| fixed length control field | 01699cam a22004094a 4500 |
| 001 - CONTROL NUMBER | |
| control field | 13558948 |
| 003 - CONTROL NUMBER IDENTIFIER | |
| control field | ARRUPE |
| 005 - DATE AND TIME OF LATEST TRANSACTION | |
| control field | 20141022140146.0 |
| 008 - FIXED-LENGTH DATA ELEMENTS--GENERAL INFORMATION | |
| fixed length control field | 040414s2004 caua b 001 0 eng |
| 010 ## - LIBRARY OF CONGRESS CONTROL NUMBER | |
| LC control number | 2004008720 |
| 020 ## - INTERNATIONAL STANDARD BOOK NUMBER | |
| International Standard Book Number | 0804740402 (cloth : alk. paper) |
| 020 ## - INTERNATIONAL STANDARD BOOK NUMBER | |
| International Standard Book Number | 0804740410 (pbk. : alk. paper) |
| 040 ## - CATALOGING SOURCE | |
| Original cataloging agency | DLC |
| Transcribing agency | DLC |
| Modifying agency | DLC |
| 041 1# - LANGUAGE CODE | |
| Language code of text/sound track or separate title | eng |
| Language code of original and/or intermediate translations of text | eng |
| 042 ## - AUTHENTICATION CODE | |
| Authentication code | pcc |
| 043 ## - GEOGRAPHIC AREA CODE | |
| Geographic area code | e-fr--- |
| 050 00 - LIBRARY OF CONGRESS CALL NUMBER | |
| Classification number | B2430.D484 M3451 2004 |
| 082 00 - DEWEY DECIMAL CLASSIFICATION NUMBER | |
| Classification number | 194 |
| Edition number | 22 |
| 300 ## - PHYSICAL DESCRIPTION | |
| Other physical details | ill. ; |
| Dimensions | 23 cm. |
| 100 1# - MAIN ENTRY--PERSONAL NAME | |
| Personal name | Malabou, Catherine. |
| 9 (RLIN) | 5563 |
| 240 10 - UNIFORM TITLE | |
| Uniform title | <a href="Contre-allée.">Contre-allée.</a> |
| Language of a work | English |
| 245 10 - TITLE STATEMENT | |
| Title | Counterpath : |
| Remainder of title | traveling with Jacques Derrida / |
| Statement of responsibility, etc | Catherine Malabou and Jacques Derrida ; translated by David Wills. |
| 260 ## - PUBLICATION, DISTRIBUTION, ETC. (IMPRINT) | |
| Place of publication, distribution, etc | Stanford, Calif. : |
| Name of publisher, distributor, etc | Stanford University Press, |
| Date of publication, distribution, etc | 2004. |
| 300 ## - PHYSICAL DESCRIPTION | |
| Extent | xvi, 330 p. : |
| 440 #0 - SERIES STATEMENT/ADDED ENTRY--TITLE | |
| Title | Cultural memory in the present |
| 9 (RLIN) | 5564 |
| 504 ## - BIBLIOGRAPHY, ETC. NOTE | |
| Bibliography, etc | Includes bibliographical references (p. [309]-330) and index. |
| 600 10 - SUBJECT ADDED ENTRY--PERSONAL NAME | |
| Personal name | Derrida, Jacques. |
| 9 (RLIN) | 5565 |
| 600 10 - SUBJECT ADDED ENTRY--PERSONAL NAME | |
| Personal name | Derrida, Jacques |
| General subdivision | Travel. |
| 9 (RLIN) | 5566 |
| 650 #0 - SUBJECT ADDED ENTRY--TOPICAL TERM | |
| Topical term or geographic name as entry element | Philosophers |
| Geographic subdivision | France |
| Form subdivision | Biography. |
| 9 (RLIN) | 5567 |
| 650 #0 - SUBJECT ADDED ENTRY--TOPICAL TERM | |
| Topical term or geographic name as entry element | Critics |
| Geographic subdivision | France |
| Form subdivision | Biography. |
| 9 (RLIN) | 5568 |
| 700 1# - ADDED ENTRY--PERSONAL NAME | |
| Personal name | Derrida, Jacques. |
| 9 (RLIN) | 5569 |
| 856 41 - ELECTRONIC LOCATION AND ACCESS | |
| Materials specified | Table of contents |
| Uniform Resource Identifier | <a href="http://www.loc.gov/catdir/toc/ecip0417/2004008720.html">http://www.loc.gov/catdir/toc/ecip0417/2004008720.html</a> |
| 856 42 - ELECTRONIC LOCATION AND ACCESS | |
| Materials specified | Contributor biographical information |
| Uniform Resource Identifier | <a href="http://www.loc.gov/catdir/enhancements/fy0710/2004008720-b.html">http://www.loc.gov/catdir/enhancements/fy0710/2004008720-b.html</a> |
| 856 42 - ELECTRONIC LOCATION AND ACCESS | |
| Materials specified | Publisher description |
| Uniform Resource Identifier | <a href="http://www.loc.gov/catdir/enhancements/fy0710/2004008720-d.html">http://www.loc.gov/catdir/enhancements/fy0710/2004008720-d.html</a> |
| 906 ## - LOCAL DATA ELEMENT F, LDF (RLIN) | |
| a | 7 |
| b | cbc |
| c | orignew |
| d | 1 |
| e | ecip |
| f | 20 |
| g | y-gencatlg |
| 942 ## - ADDED ENTRY ELEMENTS (KOHA) | |
| Source of classification or shelving scheme | Library of Congress Classification |
| Koha item type | Monograph ( Printed materials) |
| Withdrawn status | Lost status | Source of classification or shelving scheme | Damaged status | Not for loan | Home library | Current library | Shelving location | Date acquired | Total Checkouts | Full call number | Barcode | Date last seen | Price effective from | Koha item type |
|---|---|---|---|---|---|---|---|---|---|---|---|---|---|---|
| Library of Congress Classification | ARRUPE LIBRARY | ARRUPE LIBRARY | Main Collection | 11/12/2013 | B2430.D484 M3451 2004 | 464122973 | 11/12/2013 | 11/12/2013 | Monograph ( Printed materials) |